000
00244nam a2200097Ia 4500
001
834442
005
20250826172434.0
008
250824s9999 xx 000 0 und d
245
0
_a
GİZEMLİ GÜNLER
_c
SEVGİ SAYGI
260
_b
GÜNIŞIĞI YAYINLARI
999
_c
834442
_d
834442